ბათუმის შოთა რუსთაველის სახელმწიფო უნივერსიტეტის ბიბლიოთეკა

კაცი,რომელიც იცინის.ნ.1-ლი. (ბიბ.ჩანაწერი № 47202)

000 -LEADER
fixed length control field 00784nam a2200229Ia 4500
001 - CONTROL NUMBER
control field 14062
003 - CONTROL NUMBER IDENTIFIER
control field GE_BSU
008 - FIXED-LENGTH DATA ELEMENTS--GENERAL INFORMATION
fixed length control field 181216s||||||||xx |||||||||||||| ||und||
020 ## - INTERNATIONAL STANDARD BOOK NUMBER
International Standard Book Number 9789941193460
040 ## - CATALOGING SOURCE
Transcribing agency GE_BSU
080 ## - UNIVERSAL DECIMAL CLASSIFICATION NUMBER
Universal Decimal Classification number 821.133.1-31
100 ## - MAIN ENTRY--PERSONAL NAME
Personal name ჰიუგო,ვიქტორ.
245 ## - TITLE STATEMENT
Title კაცი,რომელიც იცინის.ნ.1-ლი.
245 ## - TITLE STATEMENT
Statement of responsibility, etc. ბაბილინა ხოსიტაშვილის თარგმანი;რედ:ლევან ინასარიძე.
260 ## - PUBLICATION, DISTRIBUTION, ETC.
Place of publication, distribution, etc. თბილისი.
260 ## - PUBLICATION, DISTRIBUTION, ETC.
Name of publisher, distributor, etc. პალიტრა L.
260 ## - PUBLICATION, DISTRIBUTION, ETC.
Date of publication, distribution, etc. 2012
300 ## - PHYSICAL DESCRIPTION
Extent 390გვ;22სმ.
653 ## - INDEX TERM--UNCONTROLLED
Uncontrolled term კაცი,რომელიც იცინის.ნ.1-ლი.
942 ## - ADDED ENTRY ELEMENTS (KOHA)
Koha item type წიგნი

არაა ხელმისაწვდომი ეგზემპლარები.